<?xml version="1.0" encoding="UTF-8"?><?xml-stylesheet type="text/xsl" href="static/style.xsl"?><OAI-PMH xmlns="http://www.openarchives.org/OAI/2.0/" xmlns:xsi="http://www.w3.org/2001/XMLSchema-instance" xsi:schemaLocation="http://www.openarchives.org/OAI/2.0/ http://www.openarchives.org/OAI/2.0/OAI-PMH.xsd"><responseDate>2026-04-17T23:20:53Z</responseDate><request verb="GetRecord" identifier="oai:www.recercat.cat:20.500.12328/1166" metadataPrefix="marc">https://recercat.cat/oai/request</request><GetRecord><record><header><identifier>oai:recercat.cat:20.500.12328/1166</identifier><datestamp>2025-05-20T00:01:24Z</datestamp><setSpec>com_2072_67741</setSpec><setSpec>col_2072_484352</setSpec></header><metadata><record xmlns="http://www.loc.gov/MARC21/slim" xmlns:dcterms="http://purl.org/dc/terms/" xmlns:xsi="http://www.w3.org/2001/XMLSchema-instance" xmlns:doc="http://www.lyncode.com/xoai" xsi:schemaLocation="http://www.loc.gov/MARC21/slim http://www.loc.gov/standards/marcxml/schema/MARC21slim.xsd">
   <leader>00925njm 22002777a 4500</leader>
   <datafield ind2=" " ind1=" " tag="042">
      <subfield code="a">dc</subfield>
   </datafield>
   <datafield ind2=" " ind1=" " tag="720">
      <subfield code="a">VIDAL RAMÉNTOL, SALVADOR</subfield>
      <subfield code="e">author</subfield>
   </datafield>
   <datafield ind2=" " ind1=" " tag="720">
      <subfield code="a">León Llorente, Consuelo</subfield>
      <subfield code="e">author</subfield>
   </datafield>
   <datafield ind2=" " ind1=" " tag="260">
      <subfield code="c">2013-03</subfield>
   </datafield>
   <datafield ind2=" " ind1=" " tag="520">
      <subfield code="a">El presente artículo presenta una propuesta experimental sobre cómo gestionar las demandas de los problemas matemáticos en la enseñanza primaria. En primer lugar, se describe el estado de la cuestión, poniendo énfasis en los aspectos atencionales y de motivación en el aula. En, segundo lugar, se presentan los resultados de una investigación en la que se implementó una metodología de enseñanza y aprendizaje de las matemáticas, fundamentado en un tratamiento estratégico de la lectura de las demandas de los problemas.</subfield>
   </datafield>
   <datafield ind2=" " ind1=" " tag="520">
      <subfield code="a">This paper presents an experimental proposal on how to manage the demands of mathematical problems in primary. First, it describes the state of the question, emphasizing aspects of attentional and motivation in the classroom. In second place, we present the results of a study in which we implemented a methodology of teaching and learning of mathematics, based on a strategic treatment for reading problems demands.</subfield>
   </datafield>
   <datafield ind1="8" ind2=" " tag="024">
      <subfield code="a">Vidal Raméntol, Salvador; Balaguer Fàbregas, Maria Carmen. «La comunicación de los problemas de matemáticas en la didáctica de los Grados de Educación en la UIC». Estudios sobre el Mensaje Periodístico, 2013, vol. 19, núm. especial marzo, p. 531-541. Disponible en: &lt;https://revistas.ucm.es/index.php/ESMP/article/view/42139>. Fecha de acceso: 12 jul. 2019. https://doi.org/10.5209/rev_ESMP.2013.v19.42139</subfield>
   </datafield>
   <datafield ind1="8" ind2=" " tag="024">
      <subfield code="a">1134-1629</subfield>
   </datafield>
   <datafield ind1="8" ind2=" " tag="024">
      <subfield code="a">http://hdl.handle.net/20.500.12328/1166</subfield>
   </datafield>
   <datafield ind1="8" ind2=" " tag="024">
      <subfield code="a">https://doi.org/10.5209/rev_ESMP.2013.v19.42139</subfield>
   </datafield>
   <datafield tag="653" ind2=" " ind1=" ">
      <subfield code="a">Atenció</subfield>
   </datafield>
   <datafield tag="653" ind2=" " ind1=" ">
      <subfield code="a">Motivació en l'educació</subfield>
   </datafield>
   <datafield tag="653" ind2=" " ind1=" ">
      <subfield code="a">Didàctica</subfield>
   </datafield>
   <datafield tag="653" ind2=" " ind1=" ">
      <subfield code="a">Attention</subfield>
   </datafield>
   <datafield tag="653" ind2=" " ind1=" ">
      <subfield code="a">Motivation in education</subfield>
   </datafield>
   <datafield tag="653" ind2=" " ind1=" ">
      <subfield code="a">Atención</subfield>
   </datafield>
   <datafield tag="653" ind2=" " ind1=" ">
      <subfield code="a">Motivación en educación</subfield>
   </datafield>
   <datafield tag="653" ind2=" " ind1=" ">
      <subfield code="a">Didáctica</subfield>
   </datafield>
   <datafield ind2="0" ind1="0" tag="245">
      <subfield code="a">La comunicación de los problemas de matemáticas en la didáctica de los Grados de Educación en la UIC</subfield>
   </datafield>
</record></metadata></record></GetRecord></OAI-PMH>